Statistics for Books by U.S. State

Click here to take the quiz!

General Stats

  • This quiz has been taken 12,403 times
    (8,393 since last reset)
  • The average score is 11 of 20

Answer Stats

Book 1Book 2State% Correct
The Great GatsbyThe Catcher in the RyeNew York
91%
Fried Green Tomatoes at the
Whistle Stop Cafe
To Kill a MockingbirdAlabama
81%
Fifty Shades of GreyTwilightWashington
74%
Midnight in the Garden of Good and EvilGone with the WindGeorgia
73%
Sharp ObjectsThe Adventures of Tom SawyerMissouri
68%
In Cold BloodLittle House on the PrairieKansas
65%
ItThe Cider House RulesMaine
62%
WaldenThe Scarlet LetterMassachusetts
61%
Lonesome DoveNo Country for Old MenTexas
61%
Of Mice and MenThe Maltese FalconCalifornia
60%
CentennialThe ShiningColorado
55%
The Sound and the FuryThe HelpMississippi
54%
A River Runs Through ItThe Horse WhispererMontana
43%
Interview with the VampireA Confederacy of DuncesLouisiana
41%
The JungleThe Time Traveler's WifeIllinois
40%
Cold MountainThe NotebookNorth Carolina
35%
Their Eyes Were Watching GodDarkly Dreaming DexterFlorida
34%
The Bridges of Madison CountyA Thousand AcresIowa
33%
The Lovely BonesRabbit, RunPennsylvania
23%
The Road to WellvilleThe Virgin SuicidesMichigan
20%

Score Distribution

Percentile by Number Answered

Percent of People with Each Score

Your Score History

You have not taken this quiz since the last reset